| 000 | 00910nam a2200229 i 4500 | ||
|---|---|---|---|
| 001 | 165690 | ||
| 003 | ES-MaACL | ||
| 005 | 20250822062556.0 | ||
| 008 | 980121m18741875fr |||| | fre d | ||
| 040 |
_aNA _bspa _cNA |
||
| 100 | 1 |
_aSpencer, Herbert, _d1820-1903 _9107684 |
|
| 245 | 1 | 0 |
_aPríncipes de psychologie / _cpar Herbert Spencer ; traduits sur la nouvelle édition anglaise par Th. Ribot et A. Espinas. |
| 260 |
_aParis : _bLibrairie Germer Baillière, _c1874-1875 ( _eCoulommiers : _fTyp. A. Moussin) |
||
| 300 |
_a2 v.(XV, 741 ; 694 p.) ; _c22 cm. |
||
| 510 | 4 | _aWWW BN-OPALE Plus, 20/02/2001 | |
| 596 | _aEn el vol. II el impresor es : "Saint-Denis : Imprimerie Ch. Lambert" | ||
| 650 | 0 | 7 |
_aPsicología _2embne _916540 |
| 700 | 1 |
_aRibot, Théodule, _d1839-1916 _996838 |
|
| 852 |
_aES-MaACL _jB-7175-76 _z-- Enc. pasta española |
||
| 999 |
_c165690 _d165690 |
||